| 000 | 00504nam a2200157Ia 4500 | ||
|---|---|---|---|
| 008 | 170221s9999 xx 000 0 und d | ||
| 100 | _aPeter W. Cardon | ||
| 245 | 4 | _aThe Impacts of Team Listening and Unscheduled Meetings on Team Coordination | |
| 245 | _cPeter W. Cardon, Bryan Marshall | ||
| 260 | _bStudies in Media and Communication | ||
| 260 | _c2016 | ||
| 300 | _a15 : | ||
| 650 | _xCommunication | ||
| 650 | _xMedia Arts | ||
| 856 | _uhttp://redfame.com/journal/index.php/smc/issue/view/23 | ||
| 999 |
_c312899 _d312899 |
||